000 00467nam a2200157 i 4500
001 129441
003 ES-MaACL
005 20230906193512.0
007 t|
008 070614s1970 sp ||||1| spa d
245 0 0 _aTest adaptados al examen que realiza la Jefatura de Tráfico
_b: normas y señales.
260 _aMadrid :
_bSanz,
_c[1970]
300 _a28 h. :
_bil. ;
_c32 cm.
650 _aPermisos de conducir-
_zEspaña.
_9171684
852 _aES-MaACL
_jC-41256
999 _c129441
_d129441